Stepping-stones : (Record no. 27202)

000 -LEADER
fixed length control field 01750cam a2200337 a 4500
001 - CONTROL NUMBER
control field 15915107
003 - CONTROL NUMBER IDENTIFIER
control field OSt
005 - DATE AND TIME OF LATEST TRANSACTION
control field 20170207154003.0
008 - FIXED-LENGTH DATA ELEMENTS--GENERAL INFORMATION
fixed length control field 090921s2010 ctuabf b 001 0 eng
010 ## - LIBRARY OF CONGRESS CONTROL NUMBER
LC control number 2009039258
015 ## - NATIONAL BIBLIOGRAPHY NUMBER
National bibliography number GBB050644
Source bnb
016 7# - NATIONAL BIBLIOGRAPHIC AGENCY CONTROL NUMBER
Record control number 015530587
Source Uk
020 ## - INTERNATIONAL STANDARD BOOK NUMBER
International Standard Book Number 9780300152661 (cloth : alk. paper)
020 ## - INTERNATIONAL STANDARD BOOK NUMBER
International Standard Book Number 0300152663 (cloth : alk. paper)
035 ## - SYSTEM CONTROL NUMBER
System control number (OCoLC)ocn439904249
040 ## - CATALOGING SOURCE
Original cataloging agency DLC
Transcribing agency DLC
Modifying agency YDX
-- YDXCP
-- BWX
-- CDX
-- MOF
-- UKM
-- DLC
043 ## - GEOGRAPHIC AREA CODE
Geographic area code e-fr---
050 00 - LIBRARY OF CONGRESS CALL NUMBER
Classification number N5310.5.F7
Item number D47 2010
082 00 - DEWEY DECIMAL CLASSIFICATION NUMBER
Classification number 709.01/12094472
Edition number 22
100 1# - MAIN ENTRY--PERSONAL NAME
Personal name Desdemaines-Hugon, Christine,
Dates associated with a name 1946-
245 10 - TITLE STATEMENT
Title Stepping-stones :
Remainder of title a journey through the Ice Age caves of the Dordogne /
Statement of responsibility, etc. Christine Desdemaines-Hugon ; foreword by Ian Tattersall.
246 30 - VARYING FORM OF TITLE
Title proper/short title Journey through the Ice Age caves of the Dordogne
260 ## - PUBLICATION, DISTRIBUTION, ETC. (IMPRINT)
Place of publication, distribution, etc. New Haven [Conn.] :
Name of publisher, distributor, etc. Yale University Press,
Date of publication, distribution, etc. c2010.
300 ## - PHYSICAL DESCRIPTION
Extent xix, 222 p., [30] p. of plates :
Other physical details ill. (some col.), maps ;
Dimensions 25 cm.
504 ## - BIBLIOGRAPHY, ETC. NOTE
Bibliography, etc Includes bibliographical references and index.
505 0# - FORMATTED CONTENTS NOTE
Formatted contents note Freshly plowed fields in the Vézère Valley -- Font de Gaume -- Millions of years ago -- Neanderthals and Homo sapiens -- Combarelles -- Venus figures, blades, beads, and bone -- Rouffignac -- Laurel leaves and needles -- Cap Blanc -- Art at its peak -- Bernifal.
650 #0 - SUBJECT ADDED ENTRY--TOPICAL TERM
Topical term or geographic name as entry element Art, Prehistoric
Geographic subdivision France
-- Dordogne.
650 #0 - SUBJECT ADDED ENTRY--TOPICAL TERM
Topical term or geographic name as entry element Cave paintings
Geographic subdivision France
-- Dordogne.
906 ## - LOCAL DATA ELEMENT F, LDF (RLIN)
a 7
b cbc
c orignew
d 1
e ecip
f 20
g y-gencatlg
942 ## - ADDED ENTRY ELEMENTS (KOHA)
Source of classification or shelving scheme
Koha item type Hard Covered Materials
Classification part N 5310.5 .F7D47 2010
Holdings
Withdrawn status Lost status Source of classification or shelving scheme Damaged status Not for loan Home library Current library Shelving location Date acquired Source of acquisition Total Checkouts Full call number Barcode Date last seen Price effective from Koha item type
          MACHAKOS UNIVERSITY LIBRARY MACHAKOS UNIVERSITY LIBRARY Technical section 07/02/2017 Donation (BFA)   N 5310.5 .F7D47 2010 34723 10/07/2018 07/02/2017 Hard Covered Materials
© Machakos University Library, Along The Highway, Machakos Wote Rd, Machakos, Kenya P.O. Box 136 - 90100 Machakos - Kenya

Tel: ( +254 ) 723 805829 OR Fax : 044-20353 OR Email: library@mksu.ac.ke